[Event "FRA-ch Railways-A"]
[Site "St Mandrier"]
[Date "2015.04.07"]
[Round "4"]
[White "Guillart, Johan"]
[Black "Faure, Stephane"]
[Result "0-1"]
[WhiteElo "1798"]
[BlackElo "2061"]
[PlyCount "66"]
[EventDate "2015.04.07"]
[EventType "swiss"]
[EventRounds "7"]
[EventCountry "FRA"]
[SourceTitle "EXT 2016"]
[Source "ChessBase"]
[SourceDate "2015.10.08"]
[SourceVersion "1"]
[SourceVersionDate "2015.10.08"]
[SourceQuality "1"]

1. e4 e6 2. d4 d5 3. e5 c5 4. c3 Nc6 5. Nf3 Bd7 6. a3 c4 7. Bf4 Nge7 8. Nbd2 Ng6 9. Bg3 Na5 10. h4 Nb3 11. Nxb3 Ba4 12. h5 Bxb3 13. Qxb3 cxb3 14. Bb5+ Ke7 15. hxg6 h6 16. Bh4+ f6 17. exf6+ gxf6 18. Ne5 Bg7 19. 0-0-0 Qa5 20. Bd7 Kd6 21. Bxe6 fxe5 22. Bf7 e4 23. Bg3+ Ke7 24. Rh5 Rhd8 25. Bh4+ Kf8 26. Rf5 Rd6 27. f3 e3 28. Rd3 Qb5 29. Be8+ Kxe8 30. Rxe3+ Kd7 31. Rf7+ Kc6 32. Rxg7 Qf1+ 33. Re1 Qxg2 0-1

[Event "Pays de Champagne op-A 1st"]
[Site "Recy"]
[Date "2010.05.14"]
[Round "4"]
[White "Parisot, Anthony"]
[Black "Guillart, Johan"]
[Result "1/2-1/2"]
[WhiteElo "1657"]
[BlackElo "1810"]
[PlyCount "66"]
[EventDate "2010.05.??"]
[EventType "swiss"]
[EventRounds "6"]
[EventCountry "FRA"]
[SourceTitle "EXT 2011"]
[Source "ChessBase"]
[SourceDate "2010.11.26"]
[SourceVersion "1"]
[SourceVersionDate "2010.11.26"]
[SourceQuality "1"]

1. Nf3 b6 2. d4 Nf6 3. c4 Ba6 4. Qc2 e6 5. g3 d5 6. Nbd2 Be7 7. Bg2 0-0 8. 0-0 Bb7 9. Ne5 Nfd7 10. Nxd7 Nxd7 11. cxd5 exd5 12. b3 Rc8 13. Bb2 f5 14. e3 Bd6 15. Nc4 Be7 16. Ne5 c5 17. Nxd7 Qxd7 18. dxc5 Rxc5 19. Qd3 Qb5 20. Qxb5 Rxb5 21. Rac1 Rc5 22. Bd4 Rxc1 23. Rxc1 Bd6 24. Bf1 Rc8 25. Rxc8+ Bxc8 26. Bb5 Kf7 27. Kf1 g6 28. Ke2 Ke7 29. Kd3 Bb7 30. Kc3 a6 31. Bd3 b5 32. b4 Bc6 33. a3 Ke6 1/2-1/2